000 002890000a22001090004500
100 1 _aIngleby, Jonathan
245 1 0 _aGlobalisation, empire and mission joining the battle
300 _aVol. 21, Núm 2 2003), Páginas 1-4
500 _aSuplemento interno
773 0 _tEvangel
942 _cANA
999 _c54358
_d54358